00987cam a2200265 a 450000100100000000500170001000800410002704000250006808200150009310000430010824500820015126000350023330000210026849000320028950400740032165000190039565000320041465000400044670000430048683000400052991000070056904900090057695201190058599900170070400001847320200929165818.0100510s1943 sp 000 0 spa d aDO-SdBNPbspacBNPHU a252bV393s1 aVázquez, Dionisio,d1479-153993996810aSermones /cFray Dionisio Vázquez ; prólogo y notas de Félix G. Olmedo. aMadrid :bEspasa-Calpe,c1943. a142 p. ;c18 cm.1 aClásicos castellanosv123 aIncluye notas y referencias bibliográficas al pie de las páginas. 4aSermones96631 4aSermones de adviento939969 4aIglesia católicazEspaña9399701 aG. Olmedo, P. Félix,epról.939971 0aClásicos castellanos ;v12394180 aWM aBNGR 001054708MOaGRbGRcHDd2010-05-10iLF1l0o252 V393sp18473-10r2020-06-25w2020-06-25y4ZPréstamo en sala c17993d17993